Important speeches and writings of Subhas Bose / (Record no. 169031)

MARC details
000 -LEADER
fixed length control field 00571nam a2200181 4500
005 - DATE AND TIME OF LATEST TRANSACTION
control field 20191104145345.0
010 ## - LCCN (DPL NO)
LC control number ENG-126806
020 ## - INTERNATIONAL STANDARD BOOK NUMBER
International Standard Book Number 9788193407103
Terms of availability 1495.00
035 ## - SYSTEM CONTROL NUMBER
System control number EN-110338
037 ## - SOURCE OF ACQUISITION
Source of stock number/acquisition DBAD/PUB
082 ## - DEWEY DECIMAL CLASSIFICATION NUMBER
Classification number 808.88
100 ## - MAIN ENTRY--PERSONAL NAME
Personal name Jagat S.Bright
245 ## - TITLE STATEMENT
Title Important speeches and writings of Subhas Bose /
Statement of responsibility, etc by Jagat S. Bright
260 ## - PUBLICATION, DISTRIBUTION, ETC. (IMPRINT)
Place of publication, distribution, etc Delhi
Name of publisher, distributor, etc Alina Books
Date of publication, distribution, etc 2018
270 ## - ADDRESS
Address 1262 B-Block, Jahangir Puri, Delhi
Postal code 110033
Telephone number 9891951329
Electronic mail address alinabooks.del@gmail.com
300 ## - PHYSICAL DESCRIPTION
Extent 527p.
Dimensions 22cm(Hb)
942 ## - ADDED ENTRY ELEMENTS (KOHA)
Source of classification or shelving scheme Dewey Decimal Classification
Item type English Books
Classification part 808.88
Call number suffix JAG
Holdings
Withdrawn status Lost status Not for loan Collection code Home library Current library Date acquired Source of acquisition Cost, normal purchase price Full call number Barcode Copy number Cost, replacement price Koha item type
      Non-fiction Central Library Central Library 04/11/2019 DBAD/PUB 1495.00 808.88 JAG EN-110338 1 1495.00 English Books

© Delhi Public Library
Hit Counter
free hit counter